Statistics for Countries Closest to Namibia

Click here to take the quiz!

General Stats

  • This quiz has been taken 22 times
  • The average score is 12 of 14

Answer Stats

DistanceAnswer% Correct
0South Africa
100%
695Lesotho
95%
0Zambia
95%
135Zimbabwe
95%
0Botswana
90%
642Democratic Republic of the Congo
90%
0Angola
86%
1332Republic of the Congo
86%
1072Eswatini
81%
928Malawi
81%
583Mozambique
81%
1250Tanzania
76%
1462Gabon
71%
1550Burundi
67%

Score Distribution

Percentile by Number Answered

Percent of People with Each Score

Your Score History

You have not taken this quiz